Guess the Alt. Rock Band by their Most Popular Song - Statistics

General Stats
  • This quiz has been taken 61 times
    17 since last reset
  • The average score is 21 of 30
Answer Stats
Song Answer % Correct
Everlong Foo Fighters
100%
In The End Linkin Park
100%
Smells Like Teen Spirit Nirvana
100%
Creep Radiohead
100%
Californication Red Hot Chili Peppers
100%
Seven Nation Army The White Stripes
100%
Yellow Coldplay
93%
Wonderwall Oasis
93%
Even Flow Pearl Jam
93%
Where Is My Mind? Pixies
93%
Losing My Religion R.E.M.
93%
Black Hole Sun Soundgarden
93%
Basket Case Green Day
87%
Believer Imagine Dragons
87%
1979 The Smashing Pumpkins
80%
Island In The Sun Weezer
80%
Boys Don't Cry The Cure
73%
Centuries Fall Out Boy
67%
I Wanna Be Yours Arctic Monkeys
60%
Psycho Killer Talking Heads
60%
Cigarette Daydreams Cage the Elephant
53%
Closer Nine Inch Nails
53%
There Is A Light That Never Goes Out The Smiths
53%
Float On Modest Mouse
47%
Hayloft Mother Mother
40%
Teenagers My Chemical Romance
40%
Last Nite The Strokes
40%
Teenage Riot Sonic Youth
20%
Lonely Boy The Black Keys
20%
Hidden In The Sand Tally Hall
7%
No matching quizzes found
Score Distribution
Percent of People with Each Score
Percentile by Number Answered
Your Score History
You have not taken this quiz since the last reset